| 000 | 00939cam a22003137a 4500 | ||
|---|---|---|---|
| 003 | CHAP | ||
| 005 | 20220329135118.0 | ||
| 008 | 971013s r 00010 d | ||
| 010 | _a31092 | ||
| 011 | _a32064 | ||
| 035 | _a36176 | ||
| 040 | _cCHAP | ||
| 082 |
_a581.9 _bH47 |
||
| 100 | 0 | 0 |
_aLoma, José Luis de la. _967507 |
| 245 | 1 | 4 | _aLos factores del medio estacional |
| 260 |
_aChapingo, Mex. : _b(s.e.), _c(s.a.) |
||
| 300 | _apág. varía | ||
| 500 | _aEncuadernado con: Hernández X. Apuntes de geobotánica | ||
| 500 | _aMimeógrafo | ||
| 590 |
_aBATCH-UPD _b10 _c20130110 _lUCH01 _h0951 |
||
| 590 |
_aBATCH-UPD _b10 _c20130410 _lUCH01 _h0605 |
||
| 590 |
_aBATCH-UPD _b10 _c20130914 _lUCH01 _h0949 |
||
| 590 |
_aCONVERSION _b10 _c20130109 _lUCH01 _h1318 |
||
| 650 | 1 | 4 |
_aClima y vegetación. _923863 |
| 650 | 1 | 4 |
_aSuelos. _9110191 |
| 901 | _aBK | ||
| 942 | _cLIBRO | ||
| 949 |
_a581.9 H47 _bBC _cLIBRO _d-83361 _eLIBRO _i36176 _mD _si |
||
| 999 |
_c31092 _d31092 |
||